000 00401nam a2200169Ia 4500
001 22851
005 20260414150858.0
008 260414t2014||||xx |||||||||||||| ||spa||
041 _aESP
082 _a624.15136
_bC88
100 _aCrespo Villalaz, Carlos
_eAUT
245 0 _aMecánica de suelos y cimentaciones
_b
260 _c2014
650 _a0
654 _aCIC
942 _cLIB
_dJUS
_fJUS
_2ddc
_n
999 _c22851
_d22851